[Event "interzonal (w)"]
[Site "Tuzla"]
[Date "1987.??.??"]
[Round "17"]
[White "Matveeva, Svetlana"]
[Black "Liu Shilan"]
[Result "1/2-1/2"]
[WhiteElo "2380"]
[BlackElo "2335"]
[EventDate "1987.07.??"]
[PlyCount "132"]

1.d4 Nf6 2.c4 e6 3.g3 Bb4+ 4.Bd2 c5 5.Bxb4 cxb4 6.Bg2 O-O 7.e3 d6 8.Ne2 a5
9.O-O e5 10.a3 Na6 11.axb4 axb4 12.Nd2 Qe7 13.Nf3 Bd7 14.c5 dxc5 15.Nxe5 
Bb5 16.Ra5 Nc7 17.Rxa8 Nxa8 18.Re1 b6 19.Nf4 Nc7 20.Qc1 Ne6 21.d5 Nxf4 22.
gxf4 c4 23.Nxc4 Rc8 24.b3 Bxc4 25.bxc4 b5 26.c5 Rxc5 27.Qd1 Qd6 28.Qd4 b3 
29.Qb2 h6 30.Qxb3 g5 31.fxg5 hxg5 32.e4 Qe5 33.Rf1 Rc3 34.Qd1 Nxe4 35.Re1 
Rc4 36.f3 Nc3 37.Rxe5 Nxd1 38.d6 Rd4 39.Rxg5+ Kf8 40.Rxb5 Rxd6 41.h4 Ne3 
42.Kf2 Nxg2 43.Kxg2 Kg7 44.Kg3 Rd4 45.Rg5+ Kh7 46.Rg4 Rd7 47.Kf4 Rd6 48.
Ke5 Re6+ 49.Kf5 Ra6 50.f4 Re6 51.h5 Kh6 52.Rg8 Kh7 53.Rd8 Kg7 54.Rd7 Ra6 
55.Kg5 Ra5+ 56.f5 Ra6 57.Rd4 Rb6 58.Rf4 Rf6 59.Rf3 Ra6 60.f6+ Kh7 61.Rf4 
Ra1 62.Re4 Ra5+ 63.Kg4 Kh6 64.Re7 Rg5+ 65.Kf4 Rxh5 66.Rxf7 Kg6 1/2-1/2

[Event "interzonal (w)"]
[Site "Tuzla"]
[Date "1987.??.??"]
[Round "17"]
[White "Petrovic, Marija"]
[Black "Brustman, Agnieszka"]
[Result "1-0"]
[WhiteElo "2200"]
[BlackElo "2320"]
[EventDate "1987.07.??"]
[PlyCount "103"]

1.Nf3 Nf6 2.d4 g6 3.Bf4 Bg7 4.e3 d6 5.Be2 O-O 6.Nbd2 Nbd7 7.c3 c5 8.h3 b6 
9.O-O Bb7 10.Bh2 Qc7 11.Rc1 Ne4 12.Nxe4 Bxe4 13.Nd2 Bb7 14.a4 Rad8 15.Bf3 
Nb8 16.b4 Bxf3 17.Nxf3 Nd7 18.Qb3 Nf6 19.Nd2 Rc8 20.c4 Qd7 21.bxc5 bxc5 
22.Rb1 Rc7 23.d5 Qf5 24.a5 Qc8 25.Qb5 Qa8 26.Rb3 h5 27.Bg3 Qc8 28.Rfb1 Kh7
29.a6 Qf5 30.Qa5 Rfc8 31.Rb7 Qd7 32.Bf4 Bh6 33.Bxh6 Kxh6 34.e4 Ne8 35.Qc3 
Kh7 36.e5 Qf5 37.Nf3 dxe5 38.Nxe5 Nd6 39.Nc6 Rxb7 40.Rxb7 Ne4 41.Qe3 Rf8 
42.Rxa7 Nd6 43.Qxc5 Qf4 44.Rxe7 Nxc4 45.a7 Qc1+ 46.Kh2 Qf4+ 47.g3 Qf5 48.
Re2 Qd3 49.Qxf8 Qxe2 50.Qxf7+ Kh6 51.a8=Q Nd2 52.Qaf8+ 1-0

[Event "interzonal (w)"]
[Site "Tuzla"]
[Date "1987.??.??"]
[Round "17"]
[White "Semenova, Lidia"]
[Black "Nikolin, Zorica"]
[Result "0-1"]
[WhiteElo "2230"]
[BlackElo "2325"]
[EventDate "1987.07.??"]
[PlyCount "80"]

1.e4 c5 2.Nf3 Nc6 3.d4 cxd4 4.Nxd4 Nf6 5.Nc3 e5 6.Ndb5 d6 7.Nd5 Nxd5 8.
exd5 Nb4 9.c3 Na6 10.Be3 f5 11.f3 Bd7 12.a4 Be7 13.Be2 O-O 14.O-O f4 15.
Bf2 Rf6 16.Bd3 Rh6 17.Re1 Bh4 18.Re2 Bxf2+ 19.Rxf2 Qh4 20.h3 Nc5 21.Kf1 
Bxh3 22.gxh3 Qxh3+ 23.Ke1 Qg3 24.Ke2 e4 25.Qg1 exd3+ 26.Kf1 Qh3+ 27.Qg2 
Qh1+ 28.Qg1 Qh3+ 29.Qg2 Qh1+ 30.Qg1 Re8 31.Nd4 Re5 32.Rg2 Qxg1+ 33.Rxg1 d2
34.Rd1 Rh2 35.Nc2 Nd3 36.Rg2 Rh1+ 37.Rg1 Re1+ 38.Nxe1 dxe1=Q+ 39.Rxe1 
Rxg1+ 40.Kxg1 Nxe1 0-1

[Event "interzonal (w)"]
[Site "Tuzla"]
[Date "1987.??.??"]
[Round "17"]
[White "Trabert, Bettina"]
[Black "Ioseliani, Nana"]
[Result "1/2-1/2"]
[WhiteElo "2225"]
[BlackElo "2450"]
[EventDate "1987.07.??"]
[PlyCount "20"]

1.e4 e6 2.d4 d5 3.exd5 exd5 4.Nc3 c6 5.Bd3 Bd6 6.Qf3 Qf6 7.Qxf6 Nxf6 8.
Nge2 O-O 9.O-O Re8 10.Bf4 Bxf4 1/2-1/2

[Event "interzonal (w)"]
[Site "Tuzla"]
[Date "1987.??.??"]
[Round "17"]
[White "Veroci-Petronic, Zsuzsa"]
[Black "Lebel-Arias, Julia"]
[Result "1-0"]
[WhiteElo "2360"]
[BlackElo "2150"]
[EventDate "1987.07.??"]
[PlyCount "73"]

1.e4 Nf6 2.e5 Nd5 3.d4 d6 4.Nf3 dxe5 5.Nxe5 c6 6.Bc4 Be6 7.Bb3 g6 8.O-O 
Bg7 9.Qe2 O-O 10.c4 Nc7 11.Rd1 Nd7 12.Nc3 Nf6 13.h3 h6 14.Bf4 Bf5 15.g4 
Bc8 16.d5 cxd5 17.cxd5 Nce8 18.d6 Nxd6 19.Nxg6 Re8 20.Ne5 Rf8 21.Ng6 Re8 
22.Qe3 h5 23.g5 Nd7 24.Qf3 e6 25.Rxd6 fxg6 26.Bxe6+ Rxe6 27.Rxe6 Nf8 28.
Rd6 Qe7 29.Nd5 Qf7 30.Nf6+ Kh8 31.Rad1 Be6 32.Rd8 Rxd8 33.Rxd8 Qe7 34.Ra8 
Qb4 35.Qe3 Qc4 36.Bd6 Qxa2 37.Bxf8 1-0